| 000 | 00788nam a2200193 a 4500 | ||
|---|---|---|---|
| 003 | 0 | ||
| 005 | 20250626091115.0 | ||
| 008 | 021115s19uu xx 00 eng d | ||
| 050 |
_aPHS GT 521 _b.R36 1998 |
||
| 100 | _aRamsay, Camilla Louise. | ||
| 245 |
_aThe Effects of fashion in clothing towards the behavior and attitude of high school students in Southville / _cCamilla Louise Ramsay. |
||
| 260 |
_aLas PiƱas City, Philippines : _bSouthville International School and Colleges, _c1998. |
||
| 300 |
_a28 pages : _billustrations ; _c29 cm. |
||
| 504 | _aIncludes bibliographical references. | ||
| 650 |
_aClothing and dress _xSocial aspects _zPhilippines. |
||
| 650 |
_aFashion _xPsychological aspects. |
||
| 650 |
_aTeenagers _xSocial life and customs _zPhilippines. |
||
| 942 |
_2lcc _cPASS |
||
| 999 |
_c96206 _d96206 |
||